000 05898cam a22018734i 4500
003 PE-LiUPU
005 20250813165523.0
008 180625s2017 sp a rb 000 0 spa d
020 _a9788417129163
035 _a(Sirsi) a249050
040 _aPE-LiUPU
_bspa
_cPE-LiUPU
_erda
049 _aPRUA
082 0 4 _a658.8342
_bG23
_221
100 1 _aGarcía Ferrer, Gemma,
_eautor.
245 1 0 _aCasos de investigación :
_buna práctica empresarial /
_cGemma García Ferrer.
250 _aPrimera edición.
264 1 _aMadrid :
_bESIC Business & Marketing School,
_c2017.
300 _a224 páginas :
_bilustraciones ;
_c24 centímetros.
336 _atext
_2rdacontent
337 _aunmediated
_2rdamedia
338 _avolume
_2rdacarrier
490 0 _aLibros profesionales de empresa
504 _aBibliografía : páginas 219-224.
505 0 _aConceptualización e introducción de la investigación comercial -- Justificación y definición de la investigación comercial -- Aplicación de la investigación comercial -- Las etapas de la investigación comercial -- Las fuentes de información -- Las principales técnicas de investigación comercial -- La investigación exploratoria y la investigación concluyente -- Clasificación de las técnicas de investigación de mercados -- La reunión de grupo y la entrevista en profundidad -- La reunión de grupo -- Caso del supermercado del futuro (Vicente Prieto, 2011) -- La entrevista en profundidad -- Caso de los directivos de tiendas de marca -- Tipos de encuesta y diseño de cuestionario -- Tipos de encuesta -- Diseño de cuestionario -- Codificación del cuestionario -- Caso de diseño de cuestionario: hábitos de compra en los hogares madrileños -- Bloque 2: Casos prácticos -- Caso 1. De la investigación de mercados al Business Intelligence -- Caso 2. La violencia contra la mujer -- Caso 3. La construcción de un nuevo eje de posicionamiento y comunicación: «Mediterráneamente» -- Caso 4. Apoyo a la nueva estrategia de marca de una marca de joyería y artículos de lujo desde la perspectiva de los consumidores -- Caso 5. Paradores: la segmentación de la oferta desde la óptica de sus clientes -- Caso 6. Marcas ganadoras y perdedoras en tiempo real en el mundial -- Caso 7. Más allá del click - Ad tracking -- Caso 8. Net Radar. Eficacia digital multidispositivo -- Caso 9. Las aportaciones de eye-tracker -- Caso 10. El neuromarketing como alternativa real para la investigación sociopolítica -- Caso 11. Abriendo las puertas a un nuevo futuro en neuromarketing.
526 _aP203
526 _aP200
526 _aSEG65
526 _aSEG64
526 _aSEG63
526 _aSEG62
526 _aSEG61
526 _aSEG60
526 _aSEG59
526 _aSEG58
526 _aSEG57
526 _aSEG56
526 _aSEG55
526 _aSEG54
526 _aSEG53
526 _aSEG52
526 _aSEG51
526 _aSEG50
526 _aSEG49
526 _aSEG48
526 _aSEG47
526 _aSEG46
526 _aSEG24
526 _aSEG23
526 _aSEG22
526 _aSEG21
526 _aSEG20
526 _aSEG19
526 _aSEG18
526 _aSEG17
526 _aSEG16
526 _aSEG14
526 _aSEG13
526 _aSEG12
526 _aSEG11
526 _aSEG10
526 _aSEG09
526 _aSEG06
526 _aSEG05
526 _aSEG04
526 _aSEG03
526 _aSEG02
526 _aSEG68
526 _aSEG66
526 _aSEG45
526 _aSEG25
526 _aSEG01
526 _aP163
526 _aP162
526 _aP161
526 _aP160
526 _aP159
526 _aP158
526 _aP157
526 _aP156
526 _aP155
526 _aP154
526 _aP153
526 _aP152
526 _aP151
526 _aP150
526 _aP149
526 _aP142
526 _aP141
526 _aP140
526 _aP139
526 _aP138
526 _aP137
526 _aP132
526 _aP131
526 _aP130
526 _aP126
526 _aP125
526 _aP124
526 _aP123
526 _aP115
526 _aP122
526 _aP121
526 _aP116
526 _a P114
526 _aP112
526 _aP111
526 _aP104
526 _aP103
526 _aP102
526 _aP101
526 _aP100
526 _aP96
526 _aP95
526 _aP93
526 _aP92
526 _aP91
526 _aP88
526 _aP83
526 _aP82
526 _aP79
526 _aP78
526 _aP75
526 _aP74
526 _aP71
526 _aP69
526 _a P51
526 _aP49
526 _aP48
526 _aP47
526 _aP33
526 _aP31
526 _a P30
526 _aP29
526 _aP27
526 _aP26
526 _aP25
526 _aP24
526 _a P22
526 _aP10
526 _aP09
526 _a P08
526 _aP06
526 _aP05
526 _aP04
526 _aP01
541 _g002-00000083;
650 0 4 _aMarketing
_xInvestigación
_vCasos, Estudios de.
650 0 4 _aGestión de empresas
_xInvestigación.
650 0 7 _aInvestigación comercial
_2embucm.
650 0 7 _aNeuromarketing
_2embucm.
650 0 4 _aMarketing
_xResearch
_vCases, Studies of.
650 0 4 _aBusiness management
_xInvestigation.
650 0 7 _aCommercial research
_2embucm.
910 _adbm
_bcsm
_ccsm
_d20180626
942 _2ddc
_cBOOK
994 _aC0
_bPEPRU
596 _a1
999 _a658.8342 G23
_wDEWEY
_c28647
_i78746
_d28647
_f2021-11-8
_g5
_lCCODEBUL1
_mBUL
_p23.85
_q1
_r0
_sY
_tBOOK
_u2018-6-26
_xFCE
_PP33
_0COMPRA
_1FCOMPRA
_o.STAFF. Colección Ciencias de la Salud
980 _81
_gALBERTO SANCHEZ Responsable de Automatización